000 01087cam a22003497a 4500
003 CHAP
005 20220329133016.0
008 971013s1985 r 00010 d
010 _a1225
011 _a2197
035 _a1388
040 _cCHAP
082 _a629.8
_bL4 1985
100 0 0 _aLipták, Béla G.
_967041
245 0 _aInstrument engineers handbook
250 _aed. rev.
260 _aRadnor, Pennsylvania :
_bChilton Book,
_c1985
300 _a1109 p.
_b: ilus.
490 0 _aProcess control
590 _aBATCH-UPD
_b10
_c20130110
_lUCH01
_h1434
590 _aBATCH-UPD
_b10
_c20130410
_lUCH01
_h0909
590 _aBATCH-UPD
_b10
_c20130914
_lUCH01
_h1043
590 _aCONVERSION
_b10
_c20130109
_lUCH01
_h1302
650 1 4 _aControl, teoría del.
_927607
650 1 4 _aIngeniería de sistemas.
_958218
700 0 _aVenezel, Kriszta.
_9118697
830 0 _aProcess control
_991829
901 _aBK
942 _cLIBRO
949 _a629.8 L4 1985
_bBC
_cC
_d33724000420386
_eC
_gI. 151996
_h78676
_i1388
_si
_t464.00
949 _a629.8 L4 1985
_bIA
_cCBD
_d-3071
_eC
_h3458
_i1388
_si
999 _c1225
_d1225